000 00515nam a22001817a 4500
999 _c183748
_d183748
005 20220104095239.0
010 _aENG-130884
020 _a978-93-90961-27-6
_c395.00
035 _aEN-114416
037 _bDBAD
082 _aN
100 _aPrasad, Shubira
245 _aThe Angels of Kailash:
_cShubira Prasad
260 _aNew Delhi
_bRenu Kaul Verma
_c2022
270 _bNew Delhi
_e110002
_a2/15, Ansari Road, Daryaganj
_minfo@vitastapublishing.com
300 _a346p
_c20cm(pbk)
942 _2ddc
_cEN
_hN
_mPRA